Specifikace jednotného formátu výstupních dat grafických systémů : verze 2.5 /

Uložené v:
Podrobná bibliografia
Hlavný autor: Lorenz, Pavel (Author)
Korporatívny autor: Tesla Eltos (firma). Institut mikroelektronických aplikací
Médium: Kniha
Jazyk:Czech
Vydané: Praha : Státní nakladatelství technické literatury, 1986.
Vydanie:1. vyd.
ISBN: (brož.)
Fyzický popis: 211 s.
Tagy: Pridať tag
Žiadne tagy, Buďte prvý kto otaguje tento záznam!

MARC

LEADER 00000nam a2200000 4500
001 000400607
005 20120911175700.0
008 120717s1986 xr e cze d
020 |a (brož.)  |c Kčs 22,00 
040 |a SVKKK  |b slo  |c SVKKK  |e AACR2 
041 0 |a cze 
044 |a xr  |c CZ 
245 0 0 |a Specifikace jednotného formátu výstupních dat grafických systémů :  |b verze 2.5 /  |c [autorský kolektiv Pavel Lorenz ... et al.]. 
246 1 4 |a Programové vybavení pro přípravu expozičních dat a pro řízení expozice pro elektronový litograf BS 600 
250 |a 1. vyd. 
260 |a Praha :  |b Státní nakladatelství technické literatury,  |c 1986. 
300 |a 211 s. 
700 1 |a Lorenz, Pavel  |4 aut 
710 2 |a Tesla Eltos (firma).  |b Institut mikroelektronických aplikací 
910 |a svkkk 
998 |a BK 
090 |g SCKHL  |k Sklad Pribinova 3. posch.  |a V.140097  |j 733831  |i 2720945486  |s Povinný výt.